| 000 | 01368aam a2200337 i 4500 | ||
|---|---|---|---|
| 999 |
_c46134 _d46134 |
||
| 001 | 768714001 | ||
| 003 | CO-MdFUSB | ||
| 005 | 20200519130441.0 | ||
| 007 | ta | ||
| 008 | 200519t1977 enka|||| |||| 00| 0 eng d | ||
| 020 | _a0334010276 | ||
| 040 |
_bspa. _aCO-MdFUSB _cCO-MdFUSB _dCO-MdFUSBC _erda |
||
| 041 | _aeng | ||
| 082 |
_223 _a261.7 _bF465 |
||
| 100 | 1 |
_aFierro, Alfredo _eautor |
|
| 240 | _aEl evangelio beligerente | ||
| 245 | 1 | 4 |
_aThe militant gospel : _ban analysis of contemporary political theologies _c/ Alfredo Fierro ; traducido por John Drury |
| 264 | 1 |
_aLondres : _bSCM Press, _c[1977] |
|
| 264 | 4 | _c© 1977 | |
| 300 |
_axv, 459 páginas _c; 22 cm |
||
| 336 |
_atexto _btxt _2rdacontent |
||
| 337 |
_2rdamedia _asin mediación _bn |
||
| 338 |
_2rdacarrier _avolumen _bnc |
||
| 505 | _aDe antropocentrismo a la política - El rechazo de la cristiandad - La era del pensamiento dialéctico - Mirando al pasado: Memorias liberadoras - Mirando el presente: La praxis política y representación teológica - Mirando hacia el futuro: Utopía y el advenimiento de Dios - Especificaciones teológicas - Teología y la hipótesis del materialismo histórico | ||
| 563 | _aRústico | ||
| 653 | _aCristianismo y Política | ||
| 700 | 1 |
_9235 _aDrury, John, _d1936- _etraductor |
|
| 942 | _cBK | ||
| 945 | _aJTF-925 | ||